000 00519cas a2200181 4500
008 150219n eng u
020 _a0716713357
035 _a(Sirsi) a188383
050 _aQE 461 BES 1982
100 _aBest, Myron G.
245 _aIgneous and metamorphic petrology /
_cMyron G. Best
250 _a
260 _aSan Francisco :
_bFreeman,
_c1982.
300 _axviii, 630 p. :
_bill.
504 _aIncludes bibliographies and index
650 _aIgneous rocks
650 _aMetamorphic rocks
999 _c125002
_d125002